| 000 | 00419nam a2200169Ia 4500 | ||
|---|---|---|---|
| 008 | 221030s9999 xx 000 0 und d | ||
| 020 | _a1259005275 | ||
| 041 | _aEnglish | ||
| 100 | _aC. Hamacher | ||
| 245 | 0 |
_aComputer Organation _cby C. Hamacher, Z. Vranesic |
|
| 250 | _a5th | ||
| 260 |
_bMcGraw - Hill Pub. _aNew Delhi _c2014 |
||
| 300 | _a805 | ||
| 650 | _aBB Computer | ||
| 700 | _aZ. Vranesic | ||
| 942 | _cBK | ||
| 999 |
_c15400 _d15400 |
||